000 00659cam a2200205 i 4500
005 20251108170603.0
008 250721s1998 sy gr 000 0 ara d
082 1 4 _a152.47
_bك ي ا
100 1 _aكيالي، سهام طه
_eمؤلف.
245 1 2 _aالغضب المردي وعلاجه /
_cسهام طه كيالي.
250 _aالطبعة الاولى.
264 3 1 _aدمشق :
_bدار المعرفة،
_c1998.
300 _a222 صفحة.
650 1 7 _aعلم النفس.
650 1 7 _aالغضب.
650 1 7 _aالإنفعالات النفسية.
650 1 7 _aالعلاج.
942 _2ddc
_cREF
999 _c44159
_d44159